000
00210nam a22000857a 4500
008
170131b xxu||||| |||| 00| 0 eng d
100
_9
2692
_a
Mara.W
245
_a
The Four Occens
260
_a
New York
_b
Scholastic
_c
2005
999
_c
5853
_d
5853